000 00834nam a22002177a 4500
999 _c12689
_d12689
003 AR-CdUCM
008 190409b ||||| |||| 00| 0 spa d
040 _aMUNICIPALIDAD PROVINCIAL DEL CUSCO
_cBIBLIOTECA MUNICIPAL DEL CUSCO
082 _a657 /
_bO44
100 _aOliver Castañer, Emilio
_927708
245 _aLa partida doble :
_bEstudios teóricos prácticos de contabilidad comercial al alcance de todos /
260 _aBarcelona :
_b Noa,
300 _a592 páginas ;
_c27 cm.
440 _aBiblioteca de contador
_930682
505 _aContabilidad : Consideraciones generales -- Deducciones -- Los tenedores de libros -- Vulgarización de la teneduría de libros ...
650 _aContabilidad
_910543
650 _aCiencia
_92098
650 _aFormulas
_919258
942 _2ddc
_cLIBROS
945 _arah
_d09/04/2019